[Event "FB22 2324 Delmenhorster SK - SV MÃ¼lhe"]
[Site "?"]
[Date "2024.03.23"]
[Round "6.6"]
[White "Rabe, Elina"]
[Black "Boehm, Janina"]
[Result "1-0"]
[ECO "D41"]
[WhiteElo "1529"]
[BlackElo "1745"]
[PlyCount "117"]
[EventDate "2024.??.??"]

1. c4 c5 2. Nc3 Nf6 3. g3 e6 4. Nf3 d5 5. cxd5 Nxd5 6. Nxd5 Qxd5 7. d4 cxd4 8. Qxd4 Qxd4 9. Nxd4 a6 10. Bd2 Bc5 11. Rc1 Nd7 12. Nf3 O-O 13. Bg2 Bd6 14. Ng5 Nf6 15. O-O h6 16. Ne4 Nxe4 17. Bxe4 Rb8 18. Rfd1 Be5 19. b3 b5 20. Bb4 Bb7 21. Bxb7 Rxb7 22. Bxf8 Kxf8 23. Rc8+ Ke7 24. Ra8 Rc7 25. Rxa6 b4 26. a3 bxa3 27. Rxa3 Rb7 28. Rb1 Bd6 29. Ra6 Bb4 30. Rc6 Kf6 31. Rd1 Ba5 32. Rc5 Bb4 33. Rc4 Be7 34. Rf4+ Kg6 35. Rd3 Rb5 36. Rg4+ Kh7 37. Rd7 Bf6 38. b4 Kg8 39. Rc4 Be5 40. Rc8+ Kh7 41. Rxf7 Rxb4 42. Rc6 Kg6 43. Re7 Bf6 44. Rexe6 Rb7 45. e4 Kf7 46. e5 Be7 47. f4 Ra7 48. f5 Rd7 49. f6 gxf6 50. exf6 Bf8 51. Kg2 Rd5 52. Kf3 h5 53. Ke4 Ra5 54. Ra6 Rb5 55. Reb6 Rg5 56. Rb7+ Kg6 57. f7+ Kg7 58. Ra8 Rc5 59. Rbb8 1-0

[Event "FB22 2324 Hamburger SK II - SV Hemer 19"]
[Site "?"]
[Date "2024.03.23"]
[Round "6.1"]
[White "Voicu-Jagodzinsky, Carmen"]
[Black "Hubert, Charlotte"]
[Result "1-0"]
[ECO "B90"]
[WhiteElo "2202"]
[BlackElo "1890"]
[PlyCount "159"]
[EventDate "2024.??.??"]

1. e4 c5 2. Nf3 d6 3. d4 cxd4 4. Nxd4 Nf6 5. Nc3 a6 6. Nb3 e6 7. g4 b5 8. g5 b4 9. Nd5 Nxe4 10. Be3 Nc5 11. Nxb4 Qc7 12. Nd3 Nbd7 13. Be2 Bb7 14. Rg1 Be7 15. h4 Rc8 16. Nbxc5 dxc5 17. c4 Qh2 18. f4 e5 19. Bg4 Rd8 20. Qe2 Qxe2+ 21. Kxe2 exf4 22. Bxf4 O-O 23. Bc7 Rc8 24. Bf4 Bc6 25. Rad1 Rcd8 26. Kf2 Rfe8 27. h5 Nf8 28. Be3 h6 29. Nxc5 hxg5 30. Nxa6 Rxd1 31. Rxd1 Ra8 32. Bc5 Bxc5+ 33. Nxc5 Rxa2 34. Rd2 Kh7 35. Ke3 g6 36. Rd6 Bg2 37. b4 Bf1 38. Rd8 Kg7 39. h6+ Kxh6 40. Rxf8 Bxc4 41. Bd7 Rb2 42. Rh8+ Kg7 43. Rb8 Rb1 44. Bc6 Rb2 45. b5 Re2+ 46. Kd4 Bxb5 47. Rxb5 Re7 48. Rb7 Rxb7 49. Bxb7 f5 50. Ke5 g4 51. Bd5 g3 52. Ne6+ Kf7 53. Nf4+ Kg7 54. Ne2 g2 55. Bxg2 f4 56. Nxf4 g5 57. Ne6+ Kg8 58. Nxg5 Kh8 59. Kf6 Kg8 60. Be4 Kh8 61. Bf5 Kg8 62. Nf7 Kf8 63. Bh7 Ke8 64. Ne5 Kd8 65. Ke6 Kc7 66. Nd7 Kc6 67. Bd3 Kc7 68. Ke7 Kc6 69. Bc4 Kc7 70. Bb5 Kc8 71. Kd6 Kd8 72. Ne5 Kc8 73. Bd7+ Kb7 74. Nc4 Ka7 75. Kc7 Ka6 76. Bc6 Ka7 77. Bb5 Ka8 78. Nb6+ Ka7 79. Nc8+ Ka8 80. Bc6# 1-0

[Event "FB22 2324 Hamburger SK II - SV Hemer 19"]
[Site "?"]
[Date "2024.03.23"]
[Round "6.2"]
[White "Wartenberg, Alissa"]
[Black "Trunz, Michelle"]
[Result "0-1"]
[ECO "B90"]
[WhiteElo "1840"]
[BlackElo "1928"]
[PlyCount "84"]
[EventDate "2024.??.??"]

1. e4 c5 2. Nf3 d6 3. d4 cxd4 4. Nxd4 Nf6 5. Nc3 a6 6. f3 e5 7. Nb3 Be6 8. Be3 Be7 9. Qd2 h5 10. Be2 Nbd7 11. O-O-O Qc7 12. h4 b5 13. Nd5 Bxd5 14. exd5 Rc8 15. Bd3 Nxd5 16. Bg5 Bxg5 17. hxg5 Nf4 18. Bf5 g6 19. g3 Ne6 20. Be4 Ke7 21. Kb1 Nb6 22. Rh2 Nc4 23. Qd3 a5 24. Bxg6 fxg6 25. Qxg6 Rcf8 26. Rxh5 Rxh5 27. Qxh5 a4 28. Nd2 Ne3 29. Rc1 d5 30. c3 Kd6 31. Re1 Nf5 32. g6 Qg7 33. Qg4 Nc5 34. f4 e4 35. Qg5 Ne6 36. Qg4 Nh6 37. Qh5 Rf6 38. Qe5+ Kc6 39. f5 Ng4 40. Qb8 Rf8 41. f6 Rxb8 42. fxg7 Nxg7 0-1

[Event "FB22 2324 Hamburger SK II - SV Hemer 19"]
[Site "?"]
[Date "2024.03.23"]
[Round "6.3"]
[White "Kulovana, Eva"]
[Black "Wulf, Constanze"]
[Result "1-0"]
[ECO "B52"]
[WhiteElo "2150"]
[BlackElo "1880"]
[PlyCount "87"]
[EventDate "2024.??.??"]

1. e4 c5 2. Nf3 d6 3. Bb5+ Bd7 4. Bxd7+ Qxd7 5. O-O Nf6 6. e5 dxe5 7. Nxe5 Qc7 8. Re1 e6 9. b3 Bd6 10. Bb2 O-O 11. Na3 a6 12. Nac4 Be7 13. a4 Nbd7 14. Qf3 Rad8 15. a5 Nd5 16. Nxd7 Rxd7 17. d3 Bf6 18. Bxf6 Nxf6 19. Ra4 Rd4 20. b4 Nd5 21. bxc5 Qxc5 22. Ra2 Rc8 23. Rb2 Rc7 24. Rb3 Rf4 25. Qe2 h6 26. Reb1 Qc6 27. g3 Rf5 28. R1b2 Rf6 29. Qe4 Qc5 30. Qe1 Qc6 31. Ne5 Qc5 32. c4 Ne7 33. Rxb7 Rxb7 34. Rxb7 Qa3 35. d4 Nf5 36. Rd7 Qb2 37. Rd8+ Kh7 38. Nd7 Rg6 39. Nf8+ Kh8 40. Nxg6+ Kh7 41. Nf8+ Kg8 42. Nxe6+ Kh7 43. Nf8+ Kg8 44. Qe4 1-0

[Event "FB22 2324 Hamburger SK II - SV Hemer 19"]
[Site "?"]
[Date "2024.03.23"]
[Round "6.4"]
[White "Kotyk, Valeriya"]
[Black "Trunz, Elena"]
[Result "1/2-1/2"]
[ECO "D31"]
[WhiteElo "1861"]
[BlackElo "2118"]
[PlyCount "82"]
[EventDate "2024.??.??"]

1. d4 d5 2. c4 e6 3. Nc3 c6 4. h3 dxc4 5. e3 b5 6. a4 b4 7. Ne4 Qd5 8. Qc2 b3 9. Qb1 Nf6 10. Nxf6+ gxf6 11. Bd2 Na6 12. Nf3 Nb4 13. Bxb4 Bxb4+ 14. Kd1 c3 15. bxc3 Bxc3 16. Ra3 Rb8 17. Bd3 e5 18. e4 Qd6 19. Rxb3 Rxb3 20. Qxb3 exd4 21. Ke2 O-O 22. Rd1 c5 23. e5 Qe7 24. Qd5 fxe5 25. Qe4 f5 26. Bc4+ Kh8 27. Qxe5+ Qxe5+ 28. Nxe5 Re8 29. f4 Bb7 30. Kf2 Kg7 31. Rb1 Be4 32. Rb5 Rd8 33. Rxc5 Rb8 34. Rc7+ Kh6 35. Nd3 Bd2 36. Rxa7 Be3+ 37. Kg3 Rc8 38. Ra6+ Kg7 39. Ne5 Rc7 40. Bb5 Kf8 41. Rf6+ Kg7 1/2-1/2

[Event "FB22 2324 Hamburger SK II - SV Hemer 19"]
[Site "?"]
[Date "2024.03.23"]
[Round "6.5"]
[White "Moeller, Lisa-Marie"]
[Black "Garny, Annica"]
[Result "1/2-1/2"]
[ECO "C29"]
[WhiteElo "1935"]
[BlackElo "1795"]
[PlyCount "48"]
[EventDate "2024.??.??"]

1. e4 e5 2. Nc3 Nf6 3. f4 Nc6 4. fxe5 Nxe5 5. d4 Ng6 6. e5 Ng8 7. Nf3 d6 8. Qe2 dxe5 9. Nxe5 Nxe5 10. Qxe5+ Qe7 11. Nd5 Qxe5+ 12. dxe5 Kd8 13. Bg5+ Ne7 14. O-O-O Bd7 15. Bc4 h6 16. Bxe7+ Bxe7 17. Nxe7 Kxe7 18. Bxf7 Bc6 19. Bd5 Bxd5 20. Rxd5 Rad8 21. Rdd1 Ke6 22. Rhf1 Rhf8 23. Rde1 Rxf1 24. Rxf1 Rd5 1/2-1/2

[Event "FB22 2324 Hamburger SK II - SV Hemer 19"]
[Site "?"]
[Date "2024.03.23"]
[Round "6.6"]
[White "Stappenbeck, Nina"]
[Black "Trunz, Tamila"]
[Result "0-1"]
[ECO "B23"]
[WhiteElo "1747"]
[BlackElo "1891"]
[PlyCount "58"]
[EventDate "2024.??.??"]

1. e4 c5 2. Nc3 e6 3. f4 Nc6 4. Nf3 g6 5. Bb5 Nge7 6. d4 cxd4 7. Nxd4 Bg7 8. Nxc6 bxc6 9. Bd3 Qb6 10. Qf3 d5 11. a3 O-O 12. g4 dxe4 13. Bxe4 f5 14. Bd3 fxg4 15. Qe4 Nd5 16. Na4 Qd8 17. Bd2 Qh4+ 18. Kd1 e5 19. Bc4 Bf5 20. Bxd5+ cxd5 21. Qxd5+ Kh8 22. fxe5 Rad8 23. Qc5 Bh6 24. Kc1 Bxd2+ 25. Kb1 Rc8 26. Qxa7 Bxc2+ 27. Ka2 g3 28. hxg3 Bb3+ 29. Kxb3 Qc4# 0-1

[Event "FB22 2324 Lübecker SV - SV Medizin Erfu"]
[Site "?"]
[Date "2024.03.23"]
[Round "6.1"]
[White "Nguyen, Ha Thanh"]
[Black "Braeutigam, Irina"]
[Result "1/2-1/2"]
[ECO "B07"]
[WhiteElo "1975"]
[BlackElo "2005"]
[PlyCount "48"]
[EventDate "2024.??.??"]

1. e4 d6 2. d4 Nf6 3. Nc3 g6 4. h3 Nbd7 5. Nf3 e5 6. dxe5 dxe5 7. Bg5 h6 8. Be3 c6 9. a3 Qc7 10. Bc4 Nc5 11. Nd2 Ne6 12. O-O Bg7 13. Nf3 O-O 14. Qc1 Kh7 15. Bd3 Nd7 16. h4 Ndc5 17. h5 Qe7 18. Ne2 Rd8 19. Rd1 Nd4 20. Bxd4 exd4 21. Ng3 Bg4 22. Qf4 Bxf3 23. Qxf3 Nxd3 24. cxd3 Be5 1/2-1/2

[Event "FB22 2324 Lübecker SV - SV Medizin Erfu"]
[Site "?"]
[Date "2024.03.23"]
[Round "6.2"]
[White "Mundt, Alexandra"]
[Black "Reuter, Elisa"]
[Result "1-0"]
[ECO "A00"]
[WhiteElo "1869"]
[BlackElo "1960"]
[PlyCount "97"]
[EventDate "2024.??.??"]

1. g3 g6 2. Bg2 Bg7 3. d3 d5 4. Nd2 c5 5. Ngf3 b6 6. O-O Bb7 7. c4 e6 8. Rb1 Nc6 9. a3 a5 10. Re1 Nge7 11. b3 O-O 12. Nf1 Qc7 13. h4 h5 14. N1h2 Nf5 15. cxd5 exd5 16. Bf4 Qd8 17. Qd2 Re8 18. Bg5 Bf6 19. Bh3 Ncd4 20. e3 Nxf3+ 21. Nxf3 Bc8 22. Bg2 Bb7 23. Rbc1 Nd6 24. Rcd1 Bxg5 25. Nxg5 Qf6 26. e4 Nb5 27. exd5 Nd4 28. Rxe8+ Rxe8 29. Re1 Rd8 30. Ne4 Qg7 31. Qg5 Rf8 32. Nf6+ Kh8 33. Re7 Bc8 34. Kh1 Nf5 35. Rc7 Ba6 36. Be4 Qh6 37. Qxh6+ Nxh6 38. d6 Kg7 39. Nd5 Ng4 40. Kg2 Ne5 41. Nxb6 Rd8 42. d7 f5 43. Bb7 Bxb7+ 44. Rxb7 Kf7 45. Ra7 Ke6 46. Rxa5 Nxd7 47. Nxd7 Rxd7 48. Rxc5 Rxd3 49. Rb5 1-0

[Event "FB22 2324 Lübecker SV - SV Medizin Erfu"]
[Site "?"]
[Date "2024.03.23"]
[Round "6.3"]
[White "Pfau, Beate"]
[Black "Malinowsky, Celina"]
[Result "1-0"]
[ECO "A10"]
[WhiteElo "1999"]
[BlackElo "1734"]
[PlyCount "79"]
[EventDate "2024.??.??"]

1. c4 b6 2. Nf3 Bb7 3. e3 e6 4. Be2 Nf6 5. O-O d5 6. Nc3 Bb4 7. Qa4+ Nc6 8. cxd5 Nxd5 9. Bb5 Qd6 10. Ne4 Qd8 11. Bxc6+ Bxc6 12. Qxc6+ Ke7 13. a3 Bd6 14. b3 Qd7 15. Qxd7+ Kxd7 16. Nxd6 cxd6 17. Bb2 f6 18. Rfc1 Rab8 19. Kf1 Rb7 20. Ke2 e5 21. Rc2 Nc7 22. Rac1 Ne6 23. b4 Re8 24. d3 Rbb8 25. g3 Rb7 26. h4 Rf8 27. Nd2 Rd8 28. d4 Nc7 29. dxe5 fxe5 30. Nc4 Ne8 31. Rd2 Ke7 32. Rcd1 Rbd7 33. e4 Nf6 34. f3 Nh5 35. Kf2 Nf6 36. a4 Ne8 37. b5 Ke6 38. Ba3 g6 39. Ke3 Ke7 40. Nxe5 1-0

[Event "FB22 2324 Lübecker SV - SV Medizin Erfu"]
[Site "?"]
[Date "2024.03.23"]
[Round "6.5"]
[White "Troyke, Doreen"]
[Black "Boettcher, Elke"]
[Result "1-0"]
[ECO "A13"]
[WhiteElo "1984"]
[BlackElo "1812"]
[PlyCount "97"]
[EventDate "2024.??.??"]

1. g3 d5 2. Bg2 Nf6 3. Nf3 Nc6 4. c4 e6 5. O-O Be7 6. b3 O-O 7. Bb2 dxc4 8. bxc4 Nd7 9. d3 Bf6 10. Nc3 Nde5 11. Nxe5 Nxe5 12. Rb1 c6 13. Ne4 Nd7 14. Nxf6+ Nxf6 15. Qc2 Qe7 16. Qc3 Rd8 17. Rfd1 Rd7 18. Ba3 Qd8 19. Qe5 Qc7 20. Qg5 Ne8 21. Bb2 f6 22. Qh5 Rf7 23. Bc3 g6 24. Qf3 Qd8 25. Qe3 Ng7 26. Rb3 Nf5 27. Qc5 Qd6 28. Qxd6 Nxd6 29. a4 e5 30. a5 Rc7 31. Rdb1 a6 32. f4 Nf7 33. Kf2 exf4 34. gxf4 Kg7 35. e4 Nd8 36. e5 f5 37. d4 Be6 38. d5 cxd5 39. cxd5 Bf7 40. e6+ Kg8 41. exf7+ Kxf7 42. Be5 Rc2+ 43. Kg3 Rac8 44. d6 R8c5 45. Ra3 Ke6 46. Bxb7 Nxb7 47. Rxb7 Rd2 48. Re3 Kd5 49. d7 1-0

[Event "FB22 2324 Lübecker SV - SV Medizin Erfu"]
[Site "?"]
[Date "2024.03.23"]
[Round "6.6"]
[White "Derlien-Mundt, Karin"]
[Black "Umpfenbach, Carolin"]
[Result "0-1"]
[ECO "B00"]
[WhiteElo "1443"]
[BlackElo "2044"]
[PlyCount "108"]
[EventDate "2024.??.??"]

1. e4 e6 2. Nf3 b6 3. Nc3 Bb7 4. d3 Bb4 5. Bd2 d6 6. Qe2 Nd7 7. a3 Bxc3 8. Bxc3 Ngf6 9. O-O-O Qe7 10. e5 dxe5 11. Nxe5 Nd5 12. Qe4 Nxc3 13. Qxb7 Rb8 14. Qxc7 Qg5+ 15. Rd2 Qxe5 16. Qxc3 Qxc3 17. bxc3 Ke7 18. d4 Nf6 19. f3 Rhd8 20. Bc4 Rbc8 21. Bb3 Rxc3 22. Rhd1 Rdc8 23. Kb2 Nd5 24. Bxd5 exd5 25. f4 Re3 26. g3 Rc4 27. Rd3 Re4 28. c3 Kf6 29. h3 h5 30. h4 Kf5 31. Rf1 f6 32. Rdf3 b5 33. Kb3 Re2 34. R1f2 Rxf2 35. Rxf2 Kg4 36. Rg2 Kf3 37. Rg1 Kf2 38. Rh1 a5 39. Rh2+ Kf3 40. Rh3 Kg2 41. a4 Rxa4 42. g4 Kxh3 43. gxh5 Kxh4 44. f5 Kg5 45. Kc2 Kxf5 46. Kd3 Kg4 47. c4 bxc4+ 48. Ke3 f5 49. h6 gxh6 50. Ke2 Kg3 51. Ke3 f4+ 52. Ke2 Ra2+ 53. Ke1 f3 54. Kf1 Ra1# 0-1

[Event "FB22 2324 SV Medizin Erfurt - Hamburger"]
[Site "?"]
[Date "2024.03.24"]
[Round "7.1"]
[White "Rogozenco, Ileana"]
[Black "Nguyen, Ha Thanh"]
[Result "1/2-1/2"]
[ECO "B42"]
[WhiteElo "2065"]
[BlackElo "1975"]
[PlyCount "149"]
[EventDate "2024.??.??"]

1. e4 c5 2. Nf3 e6 3. d4 cxd4 4. Nxd4 a6 5. Bd3 Nf6 6. O-O e5 7. Nf3 Nc6 8. Nc3 Bc5 9. h3 d6 10. Bg5 h6 11. Bh4 Ne7 12. Bc4 Ng6 13. Bxf6 Qxf6 14. Nd5 Qd8 15. b4 Ba7 16. a4 O-O 17. b5 Bc5 18. Kh2 axb5 19. axb5 Rxa1 20. Qxa1 Be6 21. Qa2 Qa8 22. Qb2 Qd8 23. Kg1 Kh8 24. Qb3 Nh4 25. Nxh4 Qxh4 26. Qf3 Ra8 27. Bb3 Ra3 28. Nc7 Bxb3 29. cxb3 Qe7 30. Nd5 Qd7 31. Qd3 Bd4 32. Qc2 Ra1 33. Rxa1 Bxa1 34. Qa2 Bd4 35. Qa8+ Kh7 36. Qf8 Kg6 37. Ne7+ Kf6 38. Nd5+ Kg6 39. Ne7+ Kf6 40. Nf5 g6 41. Nxh6 d5 42. Ng8+ Ke6 43. exd5+ Kf5 44. Nh6+ Kf6 45. Qh8+ Ke7 46. Ng8+ Kd6 47. Nf6 Qf5 48. Qf8+ Kc7 49. Qxf7+ Kb6 50. Qe6+ Kxb5 51. Qxf5 gxf5 52. g4 fxg4 53. hxg4 Kc5 54. Kg2 e4 55. Nxe4+ Kxd5 56. f3 Ke5 57. Nf2 Be3 58. Nh3 b5 59. Kg3 Kd4 60. g5 Kc3 61. f4 Kxb3 62. f5 b4 63. f6 Bd4 64. Nf4 Kc4 65. f7 Bc5 66. Ne6 Bd6+ 67. Kh4 b3 68. g6 b2 69. g7 b1=Q 70. g8=Q Qh1+ 71. Kg5 Qd5+ 72. Kh4 Qh1+ 73. Kg4 Qg2+ 74. Kh4 Qh1+ 75. Kg4 1/2-1/2

[Event "FB22 2324 SV Medizin Erfurt - Hamburger"]
[Site "?"]
[Date "2024.03.24"]
[Round "7.2"]
[White "Reuter, Elisa"]
[Black "Hubert, Charlotte"]
[Result "1/2-1/2"]
[ECO "B92"]
[WhiteElo "1960"]
[BlackElo "1890"]
[PlyCount "126"]
[EventDate "2024.??.??"]

1. e4 c5 2. Nf3 d6 3. d4 cxd4 4. Nxd4 Nf6 5. Nc3 a6 6. Be2 e5 7. Nb3 Be7 8. O-O O-O 9. f4 Nc6 10. Kh1 Re8 11. f5 b5 12. a4 b4 13. Nd5 Nxd5 14. Qxd5 Qc7 15. a5 Bb7 16. Qd3 Bf6 17. Be3 Nd4 18. Bxd4 exd4 19. Bf3 d5 20. e5 Qxe5 21. Rad1 Rac8 22. Nxd4 Rc4 23. c3 Bd8 24. Qd2 Bxa5 25. Rde1 Qb8 26. Rxe8+ Qxe8 27. Re1 Qd7 28. Qe3 g6 29. Qe7 Qxe7 30. Rxe7 bxc3 31. bxc3 Bxc3 32. Rxb7 Rxd4 33. fxg6 hxg6 34. Rd7 a5 35. Rxd5 Rb4 36. Kg1 Rb1+ 37. Rd1 Rb2 38. Rd8+ Kg7 39. Ra8 Rd2 40. Kf1 Kf6 41. Ra7 Ke6 42. h3 f6 43. Rc7 Bb4 44. Rc6+ Ke5 45. Rc4 f5 46. g4 Rd6 47. gxf5 gxf5 48. h4 Bd2 49. Ke2 Bb4 50. h5 Rd2+ 51. Kf1 Rd4 52. Rxd4 Kxd4 53. h6 Ke3 54. Bc6 f4 55. h7 Bc3 56. Kg2 Ke2 57. Bb5+ Ke3 58. Bc6 Bd4 59. Bb5 Ke4 60. Bc6+ Kf5 61. Kf3 Be5 62. Be4+ Kg5 63. Bc2 Bh8 1/2-1/2

[Event "FB22 2324 SV Medizin Erfurt - Hamburger"]
[Site "?"]
[Date "2024.03.24"]
[Round "7.3"]
[White "Wartenberg, Alissa"]
[Black "Pfau, Beate"]
[Result "0-1"]
[ECO "B75"]
[WhiteElo "1840"]
[BlackElo "1999"]
[PlyCount "54"]
[EventDate "2024.??.??"]

1. e4 c5 2. Nf3 d6 3. d4 cxd4 4. Nxd4 Nf6 5. Nc3 a6 6. f3 g6 7. Be3 Bg7 8. Qd2 Nc6 9. O-O-O Nxd4 10. Bxd4 Be6 11. Kb1 b5 12. g4 h6 13. g5 hxg5 14. Qxg5 Rh5 15. Qe3 Kf8 16. f4 Rc8 17. e5 Ng4 18. Qe2 dxe5 19. Bxe5 Qb6 20. Bxg7+ Kxg7 21. Rd2 Qa5 22. Kc1 b4 23. Nb1 Qxa2 24. Qxa6 Ra5 25. Qd3 Nf6 26. Bh3 Rca8 27. c3 Bc4 0-1

[Event "FB22 2324 SV Medizin Erfurt - Hamburger"]
[Site "?"]
[Date "2024.03.24"]
[Round "7.4"]
[White "Mueller-Ludwig, Kristin"]
[Black "Wulf, Constanze"]
[Result "1-0"]
[ECO "B92"]
[WhiteElo "1997"]
[BlackElo "1880"]
[PlyCount "113"]
[EventDate "2024.??.??"]

1. e4 c5 2. Nf3 d6 3. d4 cxd4 4. Nxd4 Nf6 5. Nc3 a6 6. Be3 Ng4 7. Bc1 Nf6 8. Be2 e5 9. Nb3 Be6 10. Bg5 Be7 11. Qd2 Qc7 12. O-O Nbd7 13. Rfd1 h6 14. Be3 O-O 15. f3 Rac8 16. Bf1 b5 17. Rac1 Rfd8 18. Qf2 Qb7 19. a3 d5 20. exd5 Nxd5 21. Nxd5 Bxd5 22. Na5 Qa8 23. c4 bxc4 24. Nxc4 Bxc4 25. Bxc4 Nf6 26. Rxd8+ Rxd8 27. Qe2 a5 28. Bb6 Re8 29. Bb5 Bd8 30. Bf2 Re7 31. Rd1 Qb8 32. a4 e4 33. Bc5 Bb6 34. Bxb6 Qxb6+ 35. Kh1 e3 36. Qc2 e2 37. Re1 Qf2 38. Qd2 Nd5 39. h3 Re6 40. Rxe2 Rxe2 41. Qxe2 Qxe2 42. Bxe2 Kf8 43. Kg1 Ke7 44. Kf2 Kd6 45. Bc4 Nb4 46. Ke3 f6 47. Ke4 Kc5 48. Bf7 Nc2 49. Kf5 Ne3+ 50. Kg6 Nxg2 51. Kxg7 Nh4 52. f4 Kd4 53. Kxf6 Ke4 54. f5 Kf4 55. Bg6 Kg3 56. Kg7 Nxg6 57. Kxg6 1-0

[Event "FB22 2324 SV Medizin Erfurt - Hamburger"]
[Site "?"]
[Date "2024.03.24"]
[Round "7.5"]
[White "Garny, Annica"]
[Black "Troyke, Doreen"]
[Result "0-1"]
[ECO "B32"]
[WhiteElo "1795"]
[BlackElo "1984"]
[PlyCount "60"]
[EventDate "2024.??.??"]

1. e4 c5 2. Nf3 Nc6 3. d4 cxd4 4. Nxd4 e5 5. Nb5 d6 6. Be3 Be7 7. N1c3 a6 8. Na3 Nf6 9. f3 Be6 10. Nc4 b5 11. Nb6 Rb8 12. Nbd5 O-O 13. Nxe7+ Qxe7 14. Nd5 Bxd5 15. exd5 Na5 16. b3 Qb7 17. Bd2 Qb6 18. c4 Rfc8 19. Bxa5 Qxa5+ 20. Qd2 Qb6 21. Qf2 Qa5+ 22. Qd2 Qa3 23. Bd3 e4 24. fxe4 bxc4 25. Bxc4 Nxe4 26. Qf4 Qb4+ 27. Ke2 Re8 28. Kf1 Nd2+ 29. Kg1 Re4 30. a3 Qc3 0-1

[Event "FB22 2324 SV Medizin Erfurt - Hamburger"]
[Site "?"]
[Date "2024.03.24"]
[Round "7.6"]
[White "Umpfenbach, Carolin"]
[Black "Stappenbeck, Nina"]
[Result "1-0"]
[ECO "E85"]
[WhiteElo "2044"]
[BlackElo "1747"]
[PlyCount "47"]
[EventDate "2024.??.??"]

1. d4 Nf6 2. c4 g6 3. Nc3 Bg7 4. e4 d6 5. f3 O-O 6. Be3 Nc6 7. Qd2 a6 8. Nge2 e5 9. Rd1 Ne8 10. d5 Ne7 11. b4 c6 12. Nc1 f5 13. Be2 Qc7 14. O-O fxe4 15. fxe4 Bd7 16. c5 Rd8 17. Nb3 Bc8 18. Bc4 Kh8 19. Rxf8+ Bxf8 20. Rf1 Bg7 21. Rf7 Nf6 22. Bh6 Rg8 23. Bxg7+ Rxg7 24. Rxf6 1-0

[Event "FB22 2324 SV Hemer 1932 - Lübecker SV"]
[Site "?"]
[Date "2024.03.24"]
[Round "7.1"]
[White "Braeutigam, Irina"]
[Black "Voicu-Jagodzinsky, Carmen"]
[Result "1/2-1/2"]
[ECO "A18"]
[WhiteElo "2005"]
[BlackElo "2202"]
[PlyCount "120"]
[EventDate "2024.??.??"]

1. c4 Nf6 2. Nc3 e6 3. e4 d5 4. e5 d4 5. exf6 dxc3 6. bxc3 Qxf6 7. Nf3 b6 8. d4 Bb7 9. Be2 Bd6 10. Be3 O-O 11. Qd2 Qe7 12. h4 c5 13. Bf4 Rd8 14. Rd1 Nc6 15. O-O e5 16. Bg5 f6 17. Be3 Rac8 18. d5 Na5 19. Qc2 Re8 20. h5 Rcd8 21. Nh4 Bc8 22. Nf5 Bxf5 23. Qxf5 e4 24. f4 Qf7 25. Rfe1 Nb7 26. Qh3 Qc7 27. g3 Bf8 28. Bg4 Nd6 29. Be6+ Kh8 30. Bc1 Qb7 31. Qf1 f5 32. Rd2 Be7 33. Rg2 Bf6 34. Bd2 Qa6 35. g4 fxg4 36. f5 Qxc4 37. Qxc4 Nxc4 38. Rxe4 Nxd2 39. Rxd2 Bxc3 40. Rg2 b5 41. Rexg4 h6 42. R2g3 Bd4+ 43. Kf1 a5 44. Re4 a4 45. Ke2 b4 46. Kd2 Rd6 47. Kc2 Rb6 48. Rd3 Ra8 49. Rexd4 cxd4 50. Kb2 b3 51. axb3 Rab8 52. Rxd4 Rxb3+ 53. Ka2 Rb2+ 54. Ka3 R8b3+ 55. Kxa4 Rb8 56. Ka3 R2b3+ 57. Ka2 Rb2+ 58. Ka3 R2b3+ 59. Ka2 Rb2+ 60. Ka3 R2b3+ 1/2-1/2

[Event "FB22 2324 SV Hemer 1932 - Lübecker SV"]
[Site "?"]
[Date "2024.03.24"]
[Round "7.2"]
[White "Trunz, Michelle"]
[Black "Mundt, Alexandra"]
[Result "1-0"]
[ECO "A42"]
[WhiteElo "1928"]
[BlackElo "1869"]
[PlyCount "131"]
[EventDate "2024.??.??"]

1. d4 g6 2. c4 Bg7 3. e4 d6 4. Nf3 Nd7 5. Nc3 e5 6. Bg5 f6 7. Be3 exd4 8. Nxd4 Ne5 9. Be2 Nh6 10. Qd2 Nhg4 11. Bf4 g5 12. Bg3 h5 13. h3 h4 14. hxg4 hxg3 15. Rxh8+ Bxh8 16. f3 Qe7 17. O-O-O Qh7 18. Qe1 Bd7 19. Qxg3 O-O-O 20. Qf2 Kb8 21. c5 Qe7 22. cxd6 Qxd6 23. Ndb5 Qb6 24. Qxb6 axb6 25. g3 Kc8 26. Nd5 Bg7 27. Nbxc7 Kb8 28. Kb1 Bf8 29. Rc1 Bd6 30. f4 gxf4 31. gxf4 Nxg4 32. Bxg4 Bxg4 33. Nb5 Bf3 34. Nxd6 Rxd6 35. Nc3 Rd4 36. Re1 b5 37. a3 b4 38. axb4 Rxb4 39. Re3 Bg4 40. Nd5 Rd4 41. Nxf6 Be6 42. Kc2 Rc4+ 43. Kd3 Rb4 44. f5 Bf7 45. Nd7+ Kc8 46. Ne5 Ba2 47. f6 Rxb2 48. Kd4 Rd2+ 49. Rd3 Rxd3+ 50. Nxd3 b6 51. Ne5 Kd8 52. Nc4 b5 53. Ne5 Ke8 54. Kc5 Bb1 55. Kd6 Ba2 56. Nc6 Kf7 57. e5 Bc4 58. Nb4 Be6 59. Nd5 Bg4 60. Kc5 Be6 61. Nc7 b4 62. Nxe6 b3 63. Ng5+ Kf8 64. Ne4 b2 65. Nc3 Kf7 66. Kd6 1-0

[Event "FB22 2324 SV Hemer 1932 - Lübecker SV"]
[Site "?"]
[Date "2024.03.24"]
[Round "7.3"]
[White "Schmidt, Antonia"]
[Black "Kulovana, Eva"]
[Result "0-1"]
[ECO "D36"]
[WhiteElo "1794"]
[BlackElo "2150"]
[PlyCount "88"]
[EventDate "2024.??.??"]

1. c4 Nf6 2. Nc3 e6 3. d4 d5 4. cxd5 exd5 5. Bg5 Be7 6. Qc2 c6 7. e3 Nbd7 8. Bd3 O-O 9. Nf3 Re8 10. O-O Nf8 11. Bxf6 Bxf6 12. b4 a6 13. a4 Be6 14. Rab1 Qd6 15. Ne2 Bg4 16. Ne1 Rac8 17. h3 Bd7 18. Nf3 g6 19. Qc5 Qb8 20. Rfc1 Be7 21. Qc2 Bd6 22. Qd2 b5 23. axb5 axb5 24. Rc2 Qb7 25. Nc1 Ra8 26. Nb3 Ra3 27. Nc5 Bxc5 28. Rxc5 Rea8 29. Ne5 f6 30. Nxd7 Nxd7 31. Rc3 Nb6 32. Rbc1 Nc4 33. Qe2 Rxc3 34. Rxc3 Ra1+ 35. Kh2 f5 36. g4 fxg4 37. Qxg4 Qe7 38. Rc2 Qf6 39. Qd7 Ra3 40. Bf1 Qf5 41. Qe8+ Kg7 42. Re2 Qf6 43. Bg2 Qd6+ 44. f4 Nxe3 0-1

[Event "FB22 2324 SV Hemer 1932 - Lübecker SV"]
[Site "?"]
[Date "2024.03.24"]
[Round "7.4"]
[White "Trunz, Elena"]
[Black "Malinowsky, Celina"]
[Result "1-0"]
[ECO "B26"]
[WhiteElo "2118"]
[BlackElo "1734"]
[PlyCount "55"]
[EventDate "2024.??.??"]

1. e4 c5 2. Nc3 Nc6 3. Nge2 g6 4. g3 Bg7 5. Bg2 e6 6. d3 Nge7 7. Be3 d6 8. Qd2 h5 9. d4 b6 10. O-O-O Ba6 11. f4 Na5 12. b3 Rc8 13. Bh3 Qc7 14. d5 exd5 15. Bxc8 Qxc8 16. Nxd5 Nxd5 17. exd5 Qf5 18. Rhe1 Qf6 19. c3 Kd7 20. f5 Bxe2 21. Rxe2 Qxc3+ 22. Qxc3 Bxc3 23. fxg6 fxg6 24. Bg5 Re8 25. Rf2 Nb7 26. Rf7+ Kc8 27. Rdf1 Be5 28. Rh7 1-0

[Event "FB22 2324 SV Hemer 1932 - Lübecker SV"]
[Site "?"]
[Date "2024.03.24"]
[Round "7.5"]
[White "Boettcher, Elke"]
[Black "Moeller, Lisa-Marie"]
[Result "0-1"]
[ECO "A43"]
[WhiteElo "1812"]
[BlackElo "1935"]
[PlyCount "82"]
[EventDate "2024.??.??"]

1. d4 c5 2. dxc5 e6 3. Nc3 Bxc5 4. e4 Ne7 5. Nf3 a6 6. Bd3 Nbc6 7. O-O b5 8. a3 Ng6 9. Re1 Nce5 10. Nxe5 Nxe5 11. Be3 d6 12. f4 Bxe3+ 13. Rxe3 Qb6 14. Kf2 Nd7 15. Qd2 Nf6 16. Kf1 O-O 17. e5 dxe5 18. fxe5 Ng4 19. Rh3 f5 20. Qe1 Qd4 21. Rd1 Qxe5 22. Qxe5 Nxe5 23. Kg1 Ng4 24. Re1 e5 25. Nd5 e4 26. Be2 Nf6 27. Nxf6+ Rxf6 28. c4 bxc4 29. Bxc4+ Be6 30. Rc3 Bxc4 31. Rxc4 Rb6 32. Re2 Rb3 33. Kf2 Rab8 34. Rcc2 R8b6 35. Ke1 Kf7 36. Kd2 Rxb2 37. Rxb2 Rxb2+ 38. Ke1 Rxe2+ 39. Kxe2 Ke6 40. Ke3 Ke5 41. g3 g5 0-1

[Event "FB22 2324 SV Hemer 1932 - Lübecker SV"]
[Site "?"]
[Date "2024.03.24"]
[Round "7.6"]
[White "Trunz, Tamila"]
[Black "Derlien-Mundt, Karin"]
[Result "1-0"]
[ECO "C78"]
[WhiteElo "1891"]
[BlackElo "1443"]
[PlyCount "33"]
[EventDate "2024.??.??"]

1. e4 e5 2. Nf3 Nc6 3. Bb5 a6 4. Ba4 Nf6 5. O-O b5 6. Bb3 d6 7. Ng5 d5 8. exd5 Nxd5 9. Nxf7 Kxf7 10. Qf3+ Ke6 11. Nc3 Ncb4 12. d4 Bb7 13. a3 Nxc2 14. Bxc2 c6 15. Qf5+ Kd6 16. Qxe5+ Kd7 17. Bf5# 1-0